Science Quiz

Random Science or Anatomy Quiz

How To Save A Life II Quiz Stats

 Plays Quiz not verified by Sporcle

Also try: The Sporcle Zoo
Challenge
Share
Tweet
Embed
Score 0/40 Timer 20:00
0 Plays Today
% Correct
???
61.3%
???
43.2%
???
37%
???
30.5%
???
29.2%
???
29.2%
???
27.2%
???
23.9%
???
23.5%
???
20.2%
???
19.8%
???
18.5%
???
16%
???
14.4%
???
14.4%
???
14.4%
???
14.4%
???
14.4%
???
14.4%
???
14%
% Correct
???
13.2%
???
11.9%
???
11.5%
???
10.7%
???
9.1%
???
9.1%
???
7.4%
???
6.6%
???
4.5%
???
4.1%
???
4.1%
???
4.1%
???
3.3%
???
2.9%
???
2.9%
???
2.5%
???
2.5%
???
1.6%
???
1.6%
???
1.6%

You're not logged in!

Compare scores with friends on all Sporcle quizzes.
OR
Log In

You Might Also Like...

Show Comments

Extras

Top Quizzes Today


Score Distribution

Your Account Isn't Verified!

In order to create a playlist on Sporcle, you need to verify the email address you used during registration. Go to your Sporcle Settings to finish the process.

Report this User

Report this user for behavior that violates our Community Guidelines.

Details: